| 000 | 00458nam a2200169Ia 4500 | ||
|---|---|---|---|
| 008 | 221030s9999 xx 000 0 und d | ||
| 020 | _a8177584375 | ||
| 041 | _aEnglish | ||
| 082 |
_a105.23 _bMis |
||
| 100 | _aS. Mishra | ||
| 245 | 0 |
_aCommunication Skills for Engineers ( DEPARTMENTAL ) _cby S. Mishra, C. Muralikrishna |
|
| 260 |
_bPearson Education _aNew Delhi _c2006 |
||
| 300 | _a257 | ||
| 650 | _aEnglish | ||
| 700 | _aC. Muralikrishna | ||
| 942 | _cBK | ||
| 999 |
_c920 _d920 |
||